Systém na automatizované spracovanie HTML/XHTML súborov
Uložené v:
| Hlavný autor: | |
|---|---|
| Ďalší autori: | |
| Médium: | Rukopis Kniha |
| Jazyk: | Slovak |
| Vydavateľské údaje: |
Bratislava :
STU v Bratislave FEI,
2023
|
| Predmet: | |
| On-line prístup: | https://opac.crzp.sk/?fn=detailBiblioFormChildYJGMC&sid=08878EB2E7E37CD0909076C0752B&seo=CRZP-detail-kniha |
| Tagy: |
Žiadne tagy, Buďte prvý, kto otaguje tento záznam!
|
MARC
| LEADER | 00000ntm a22000003a 4500 | ||
|---|---|---|---|
| 001 | stuzp93119 | ||
| 003 | SK-STU | ||
| 005 | 20241111124645.1 | ||
| 007 | ta | ||
| 008 | 150427s2015----xo-----f-mn---000-0-slo-d | ||
| 040 | |a STU |b slo | ||
| 041 | 0 | |a slo | |
| 044 | |a xo | ||
| 100 | 1 | |a Jenčík, Tomáš |u 035000 |4 aut |U FEI Fakulta elektrotechniky a informatiky |T FEI Ústav informatiky a matematiky |X 111291 |U E050 |Y 816 |7 111291 | |
| 242 | 0 | 1 | |a System for automated processing of HTML/XHTML files |y eng |
| 245 | 1 | 0 | |a Systém na automatizované spracovanie HTML/XHTML súborov |
| 260 | |a Bratislava : |b STU v Bratislave FEI, |c 2023 | ||
| 300 | |a 48 s., príl. | ||
| 650 | 4 | |a NLP |2 slo | |
| 650 | 4 | |a vektor |2 slo | |
| 650 | 4 | |a spracovanie textu |2 slo | |
| 650 | 4 | |a výročné správy |2 slo | |
| 650 | 4 | |a web scraping |2 slo | |
| 650 | 4 | |a BERT |2 slo | |
| 650 | 4 | |a annual reports |2 eng | |
| 650 | 4 | |a text processing |2 eng | |
| 650 | 4 | |a web scraping |2 eng | |
| 650 | 4 | |a BERT |2 eng | |
| 650 | 4 | |a vector |2 eng | |
| 650 | 4 | |a NLP |2 eng | |
| 700 | 1 | |a Andicsová, Vanesa |u 035000 |k Z3 |4 ths |U FEI Fakulta elektrotechniky a informatiky |T FEI Ústav informatiky a matematiky |X 80271 |U E050 |Y 816 |7 80271 | |
| 856 | 4 | |u https://opac.crzp.sk/?fn=detailBiblioFormChildYJGMC&sid=08878EB2E7E37CD0909076C0752B&seo=CRZP-detail-kniha | |